000 00302nam a22001337a 4500
008 181220b xxu||||| |||| 00| 0 eng d
020 _a061411523
041 _aeng
080 _a611
100 _a7
101 _aANA
245 _aAn Atlas of Cross-Sectional Anatomy
_cKieffer,S.A
942 _2udc
_cBK
999 _c53575
_d53575